000 01759cam a22004697a 4500
003 CHAP
005 20220329142356.0
008 001016d1999 mx rs o00110 spa d
010 _a82597
011 _a83569
020 _a9701325249
035 _a94082
040 _cCHAP
082 0 4 _a312.0972
_bI53 Coah.
110 2 _aInstituto Nacional de Estadística, Geografía e Informática. México
_959304
245 1 0 _aEstadísticas vitales del Estado de Coahuila
_c/por Instituto Nacional de Estadística, Geografía e Informática.
260 _aAguascalientes, Ags. :
_bInstituto Nacional de Estadística, Geografía e Informática,
_c1999-20-
300 _bgráfs. ; cuadros
410 _aINEGI
490 0 _aCuaderno
500 _aLa biblioteca tiene: 1993-97, 1998, 1999
590 _aBATCH-UPD
_b10
_c20130110
_lUCH01
_h0143
590 _aBATCH-UPD
_b10
_c20130110
_lUCH01
_h1019
590 _aBATCH-UPD
_b10
_c20130409
_lUCH01
_h2142
590 _aBATCH-UPD
_b10
_c20130410
_lUCH01
_h0625
590 _aBATCH-UPD
_b10
_c20130914
_lUCH01
_h0953
590 _aCONVERSION
_b10
_c20130109
_lUCH01
_h1346
650 1 4 _aCoahuila
_xEstadísticas.
_923982
650 1 4 _aDivorcio.
_933034
650 1 4 _aMatrimonio.
_973048
650 1 4 _aMuerte.
_979284
650 1 4 _aPoblación
_xEstadísticas
_zCoahuila.
_989376
650 1 4 _aPoblación
_zCoahuila.
_989419
810 0 0 _aINEGI
_958045
830 0 0 _aCuaderno
_929704
901 _aBK
905 _aEdna Luz
942 _cLIBRO
949 _a312.0972 I53 Coah.
_bBC
_cINEGI
_d33724000806097
_eINEGI
_f1993-1997
_h98924
_i94082
_si
949 _a312.0972 I53 Coah.
_bBC
_cINEGI
_d33724000812327
_eINEGI
_f1998
_h97982
_i94082
_sb
949 _a312.0972 I53 Coah.
_bBC
_cINEGI
_d33724000851929
_eINEGI
_f1999
_h101387
_i94082
_sb
999 _c82597
_d82597